| 000 | 00543nam a22002057a 4500 | ||
|---|---|---|---|
| 003 | LK-CoDNM | ||
| 005 | 20250129134913.0 | ||
| 008 | 250129b |||||||| |||| 00| 0 eng d | ||
| 040 |
_aLK-CoDNM _dLK-CoDNM _eLK-CoDNM |
||
| 041 | _aeng | ||
| 080 |
_a13 _bP34 |
||
| 100 | _aMenge, J. Edward | ||
| 245 | _aGeneral And Professional Biology specially Reference To Men | ||
| 260 |
_aAmerica _bThe Bruce Publishing Company _c1922 |
||
| 300 | _a959p . : ill ; 23 cm | ||
| 650 | _aPlant | ||
| 650 | _aAnimal | ||
| 650 | _acell | ||
| 942 | _cBK | ||
| 999 |
_c237652 _d237652 |
||